[Event "EU-ch blitz"]
[Site "Wroclaw"]
[Date "2014.12.19"]
[Round "2"]
[White "Edouard, Romain"]
[Black "Dorner, Matthias"]
[Result "1-0"]
[WhiteElo "2659"]
[BlackElo "2204"]
[PlyCount "52"]
[EventDate "2014.12.19"]
[EventType "swiss (blitz)"]
[EventRounds "11"]
[EventCountry "POL"]
[SourceTitle "CBM 164 Extra"]
[Source "ChessBase"]
[SourceDate "2015.03.02"]
[SourceVersion "1"]
[SourceVersionDate "2015.03.02"]
[SourceQuality "1"]

1. Nf3 c6 2. c4 d5 3. e3 Nf6 4. b3 Bf5 5. Bb2 e6 6. Nc3 Nbd7 7. Be2 h6 8. 0-0 Bd6 9. d3 0-0 10. e4 Bh7 11. Nd2 Bc5 12. Kh1 dxe4 13. Ndxe4 Nxe4 14. Nxe4 Bxe4 15. dxe4 Nf6 16. Qc2 Qb6 17. e5 Nd7 18. Rad1 Rfd8 19. f4 Nf8 20. f5 Bd4 21. fxe6 Nxe6 22. Bh5 g6 23. Bxg6 fxg6 24. Qxg6+ Ng7 25. Rf7 Bxe5 26. Rxg7+ Bxg7 1-0

[Event "NRW Class1 0910"]
[Site "Germany"]
[Date "2009.09.20"]
[Round "1.6"]
[White "Dorner, Matthias"]
[Black "Reichardt, Sven"]
[Result "1-0"]
[WhiteElo "2202"]
[BlackElo "1823"]
[PlyCount "133"]
[EventDate "2009.09.20"]
[EventType "team-tourn"]
[EventRounds "9"]
[EventCountry "GER"]
[SourceTitle "EXT 2011"]
[Source "ChessBase"]
[SourceDate "2010.11.26"]
[SourceVersion "1"]
[SourceVersionDate "2010.11.26"]
[SourceQuality "1"]
[WhiteTeam "Krefeld Turm"]
[BlackTeam "Rheydt"]
[WhiteTeamCountry "GER"]
[BlackTeamCountry "GER"]

1. d4 d5 2. c3 Nf6 3. Bf4 c5 4. dxc5 e6 5. b4 a5 6. Bxb8 Rxb8 7. a3 b6 8. cxb6 Qxb6 9. e3 Bd6 10. Nd2 Be5 11. Rc1 axb4 12. axb4 Bd7 13. Ngf3 Bd6 14. Be2 0-0 15. 0-0 Rfc8 16. Qb3 e5 17. Rfd1 Be6 18. Ng5 Bd7 19. Ngf3 Be6 20. Qb1 h6 21. h3 Ra8 22. e4 Rd8 23. exd5 Nxd5 24. Nc4 Qc7 25. Nxd6 Rxd6 26. Qe4 Rad8 27. Qxe5 Nxc3 28. Re1 Nxe2+ 29. Qxe2 Qb6 30. Rb1 Bf5 31. Rb2 Be6 32. Qe3 Qb7 33. Qf4 Qb6 34. b5 Rd5 35. Qe3 R8d6 36. Qxb6 Rxb6 37. Re5 Rxe5 38. Nxe5 f6 39. Nf3 Kf7 40. Nd4 Ke7 41. Re2 Kd7 42. f4 Bc4 43. Rc2 Bg8 44. Kf2 g5 45. Ke3 Bh7 46. Rc5 Rd6 47. g3 Bb1 48. h4 gxf4+ 49. gxf4 Bg6 50. Rc1 Rd5 51. b6 Rd6 52. Rc7+ Kd8 53. Rg7 Be8 54. b7 Rb6 55. f5 Bd7 56. Rg8+ Kc7 57. Rh8 Rxb7 58. Rxh6 Rb6 59. h5 Kd8 60. Rh8+ Ke7 61. Rh7+ Ke8 62. h6 Rd6 63. Rg7 Kf8 64. Rg6 Ra6 65. h7 Ra3+ 66. Kf4 Rh3 67. Rg8+ 1-0

[Event "NRW Class1 0607"]
[Site "Germany"]
[Date "2007.05.06"]
[Round "9.6"]
[White "Dorner, Matthias"]
[Black "Richter, Goetz"]
[Result "1-0"]
[WhiteElo "2190"]
[BlackElo "2079"]
[PlyCount "53"]
[EventDate "2006.09.17"]
[EventType "team-tourn"]
[EventRounds "9"]
[EventCountry "GER"]
[SourceTitle "EXT 2008"]
[Source "ChessBase"]
[SourceDate "2007.11.25"]
[SourceVersion "1"]
[SourceVersionDate "2007.11.25"]
[SourceQuality "1"]
[WhiteTeam "Krefeld"]
[BlackTeam "Koeln SF II"]
[WhiteTeamCountry "GER"]
[BlackTeamCountry "GER"]

1. d4 Nf6 2. Bf4 b6 3. e3 Bb7 4. Nd2 g6 5. Ngf3 Bg7 6. c3 d6 7. Bc4 0-0 8. h3 Nbd7 9. 0-0 Qe8 10. a4 e5 11. Bh2 e4 12. Ne1 Qe7 13. a5 Rab8 14. axb6 axb6 15. Ra7 Kh8 16. Qb3 Nh5 17. Bd5 Bxd5 18. Qxd5 Ndf6 19. Qc6 Ne8 20. Qxe4 Qd7 21. Qd3 f5 22. Nef3 Bh6 23. Re1 g5 24. Nf1 Nef6 25. Qc4 Rf7 26. Bxd6 Ne4 27. Be5+ 1-0

[Event "NRW Class2 0405"]
[Site "Germany"]
[Date "2005.02.20"]
[Round "7.2"]
[White "Mertens, Heiko"]
[Black "Dorner, Matthias"]
[Result "1-0"]
[WhiteElo "2235"]
[BlackElo "2218"]
[PlyCount "111"]
[EventDate "2004.10.10"]
[EventType "team"]
[EventRounds "9"]
[EventCountry "GER"]
[SourceTitle "EXT 2006"]
[Source "ChessBase"]
[SourceDate "2005.11.24"]
[SourceVersion "1"]
[SourceVersionDate "2005.11.24"]
[SourceQuality "1"]
[WhiteTeam "Godesberg II"]
[BlackTeam "Krefeld Turm"]
[WhiteTeamCountry "GER"]
[BlackTeamCountry "GER"]

1. e4 c6 2. d4 d5 3. Nd2 dxe4 4. Nxe4 Nf6 5. Nxf6+ exf6 6. Bc4 Qe7+ 7. Kf1 Be6 8. Bb3 Na6 9. Ne2 Qd7 10. Nf4 Bd6 11. Nxe6 fxe6 12. Qh5+ Qf7 13. Qg4 Nc7 14. Bd2 f5 15. Qf3 0-0-0 16. g3 Qf6 17. Kg2 g5 18. Rhe1 Rde8 19. c4 Rhf8 20. Bc3 g4 21. Qe2 f4 22. Qxg4 fxg3 23. fxg3 Qf2+ 24. Kh1 Rg8 25. Qe2 Qf5 26. Rf1 Qh3 27. Qg2 Rxg3 28. Qxh3 Rxh3 29. Rf2 c5 30. Rd1 Rf8 31. Rxf8+ Bxf8 32. dxc5 Bxc5 33. Ba4 a6 34. Bd7+ Kb8 35. Be5 Re3 36. Bg3 Re4 37. b3 e5 38. Bf5 Re2 39. Rd8+ Ka7 40. Rd7 Kb8 41. Bg4 Re4 42. Bf5 Re2 43. Bxh7 Ne6 44. Rd5 Bd4 45. Bg8 Nc7 46. Rd8+ Ka7 47. Rd7 Kb6 48. h4 Kc6 49. Rd8 Re4 50. Kg2 Re2+ 51. Kf3 Rxa2 52. h5 Rb2 53. h6 Rxb3+ 54. Kg4 Rb1 55. h7 Rh1 56. Bh4 1-0

[Event "NRW Class2 0405"]
[Site "Germany"]
[Date "2005.01.30"]
[Round "6.2"]
[White "Dorner, Matthias"]
[Black "Nautsch, Werner"]
[Result "0-1"]
[WhiteElo "2218"]
[BlackElo "2278"]
[PlyCount "102"]
[EventDate "2004.10.10"]
[EventType "team"]
[EventRounds "9"]
[EventCountry "GER"]
[SourceTitle "EXT 2006"]
[Source "ChessBase"]
[SourceDate "2005.11.24"]
[SourceVersion "1"]
[SourceVersionDate "2005.11.24"]
[SourceQuality "1"]
[WhiteTeam "Krefeld Turm"]
[BlackTeam "Katernberg II"]
[WhiteTeamCountry "GER"]
[BlackTeamCountry "GER"]

1. d4 d5 2. c3 Nf6 3. Bf4 e6 4. Nd2 c5 5. e3 Nc6 6. Ngf3 Qb6 7. Qb3 c4 8. Qc2 Nh5 9. Bg3 Nxg3 10. hxg3 Bd7 11. b3 cxb3 12. axb3 g6 13. Bd3 Bg7 14. e4 Rc8 15. exd5 Nb4 16. Qb1 Rxc3 17. Be4 exd5 18. 0-0 0-0 19. Qb2 Rfc8 20. Nc4 R3xc4 21. bxc4 dxe4 22. Ne5 Bxe5 23. dxe5 Nd3 24. Qa3 a6 25. Rab1 Qc5 26. Qxc5 Nxc5 27. Rfd1 Be6 28. Rd4 a5 29. Rbd1 Kg7 30. Rd8 Rxd8 31. Rxd8 Nd7 32. Ra8 b6 33. Ra7 Nxe5 34. c5 bxc5 35. Rxa5 Nd3 36. Kf1 c4 37. Ra3 Nc5 38. Ke2 Nb3 39. Kd1 Kf6 40. Kc2 Nd4+ 41. Kd2 h5 42. Ra8 Nf5 43. Ra5 e3+ 44. fxe3 Nxg3 45. Kc3 h4 46. Rb5 g5 47. Ra5 g4 48. Ra8 h3 49. gxh3 gxh3 50. Rh8 Kg5 51. Rg8+ Kh4 0-1

[Event "NRW Class1 0304"]
[Site "Germany"]
[Date "2004.03.28"]
[Round "8.3"]
[White "Schockenbaeumer, Dirk"]
[Black "Dorner, Matthias"]
[Result "1/2-1/2"]
[WhiteElo "2204"]
[BlackElo "2243"]
[PlyCount "36"]
[EventDate "2003.09.28"]
[EventType "team"]
[EventRounds "9"]
[EventCountry "GER"]
[SourceTitle "CBM 098 Extra"]
[Source "ChessBase"]
[SourceDate "2004.03.10"]
[SourceVersion "2"]
[SourceVersionDate "2004.03.10"]
[SourceQuality "1"]
[WhiteTeam "Solingen III"]
[BlackTeam "Krefeld"]
[WhiteTeamCountry "GER"]
[BlackTeamCountry "GER"]

1. e4 c6 2. d4 d5 3. Nc3 b5 4. a3 a6 5. h3 dxe4 6. Nxe4 Nf6 7. Nxf6+ exf6 8. Nf3 Be6 9. Bd3 Bd6 10. 0-0 0-0 11. Bd2 Nd7 12. Bb4 Nb6 13. Re1 Re8 14. Qe2 Nd5 15. Bxd6 Qxd6 16. Qe4 g6 17. Qh4 Qf4 18. Qxf4 Nxf4 1/2-1/2

[Event "Oberliga NRW 0102 I"]
[Site "Germany"]
[Date "2002.03.10"]
[Round "7.3"]
[White "Sonntag, Hans Hubert"]
[Black "Dorner, Matthias"]
[Result "1-0"]
[WhiteElo "2364"]
[BlackElo "2285"]
[PlyCount "59"]
[EventDate "2001.10.??"]
[EventType "team"]
[EventRounds "9"]
[EventCountry "GER"]
[SourceTitle "EXT 2004"]
[Source "ChessBase"]
[SourceDate "2003.11.25"]
[SourceVersion "1"]
[SourceVersionDate "2003.11.25"]
[SourceQuality "1"]
[WhiteTeam "Aachen"]
[BlackTeam "Krefeld"]
[WhiteTeamCountry "GER"]
[BlackTeamCountry "GER"]

1. d4 d5 2. c4 c6 3. Nf3 Nf6 4. Nc3 dxc4 5. a4 Bf5 6. Ne5 Nbd7 7. Nxc4 Qc7 8. g3 e5 9. dxe5 Nxe5 10. Bf4 Rd8 11. Qc1 Bd6 12. Nxd6+ Qxd6 13. Bg2 Qe7 14. 0-0 0-0 15. Qe3 Nfg4 16. Qxa7 Qb4 17. Bxe5 Nxe5 18. Rad1 Bc2 19. Rxd8 Rxd8 20. Qe3 Ng6 21. h4 h6 22. f4 Bxa4 23. f5 Nf8 24. Rf4 Qxb2 25. Nxa4 Qc2 26. Nc5 Nh7 27. Qe7 Rd1+ 28. Kh2 Nf6 29. Ne4 Nd7 30. Qe8+ 1-0

[Event "Oberliga NRW 0001 I"]
[Site "NRW"]
[Date "2001.02.04"]
[Round "6.6"]
[White "Weiermann, Andreas"]
[Black "Dorner, Matthias"]
[Result "1-0"]
[WhiteElo "2138"]
[BlackElo "2305"]
[PlyCount "117"]
[EventDate "2000.09.24"]
[EventType "team"]
[EventRounds "9"]
[EventCountry "GER"]
[SourceTitle "EXT 2006"]
[Source "ChessBase"]
[SourceDate "2005.11.24"]
[SourceVersion "1"]
[SourceVersionDate "2005.11.24"]
[SourceQuality "1"]
[WhiteTeam "Muenster II"]
[BlackTeam "Krefeld"]
[WhiteTeamCountry "GER"]
[BlackTeamCountry "GER"]

1. e4 c6 2. d3 d5 3. Nd2 Qc7 4. Ngf3 Bg4 5. h3 Bh5 6. g3 Nd7 7. Bg2 Ngf6 8. 0-0 e6 9. Qe1 Bc5 10. e5 Ng8 11. d4 Bb6 12. c4 Ne7 13. c5 Ba5 14. a3 Qc8 15. b4 Bd8 16. Bb2 Bg6 17. Qe2 b6 18. Nh4 bxc5 19. bxc5 Bc2 20. Nc4 dxc4 21. Qxc2 Nd5 22. Nf3 Rb8 23. Rfb1 f6 24. Qxc4 fxe5 25. dxe5 0-0 26. Bd4 Be7 27. Nd2 Qc7 28. Rxb8 Rxb8 29. f4 Qa5 30. Ne4 g6 31. h4 Qb5 32. Bf1 Qxc4 33. Bxc4 h6 34. Rf1 Kg7 35. Kg2 h5 36. Kg1 Nc7 37. Rd1 Nf8 38. Kf1 Nb5 39. Bb2 Nc7 40. Rd2 Nd5 41. Ke2 Nd7 42. Bd4 Rb1 43. Rd1 Rb8 44. Kd3 Kf7 45. Kc2 Bf8 46. Ng5+ Ke7 47. Bd3 Bh6 48. Bxg6 Bxg5 49. fxg5 Rb5 50. Bxh5 Nxc5 51. Rf1 Nb3 52. Rf7+ Kd8 53. Bf2 Na1+ 54. Kd3 Ne7 55. Ke4 Nb3 56. g6 Nd2+ 57. Kd3 Rd5+ 58. Kc2 Nf5 59. Rxf5 1-0

[Event "Oberliga NRW 9293 II"]
[Site "Germany"]
[Date "1993.??.??"]
[Round "?.4"]
[White "Molinaroli, Martin"]
[Black "Dorner, Matthias"]
[Result "1/2-1/2"]
[WhiteElo "2295"]
[BlackElo "2305"]
[PlyCount "154"]
[EventDate "1992.10.??"]
[EventType "team"]
[EventRounds "10"]
[EventCountry "GER"]
[SourceTitle "TD"]
[Source "ChessBase"]
[SourceDate "1994.03.01"]
[SourceVersion "1"]
[SourceVersionDate "1994.03.01"]
[SourceQuality "1"]
[WhiteTeam "Muenster II"]
[BlackTeam "Krefeld"]
[WhiteTeamCountry "GER"]
[BlackTeamCountry "GER"]

1. d4 d5 2. Nf3 c6 3. c4 Nf6 4. cxd5 cxd5 5. Nc3 Nc6 6. Bf4 e6 7. e3 Nh5 8. Bg3 Qb6 9. Qc2 Bd7 10. Be2 Be7 11. Ne5 Nxe5 12. Bxe5 Nf6 13. 0-0 0-0 14. Bd3 h6 15. Qe2 Bc6 16. Rac1 Rac8 17. Rc2 Nd7 18. Bg3 f5 19. Rfc1 Nf6 20. Be5 Ng4 21. Bg3 Rcd8 22. Bb5 Rc8 23. Bxc6 Rxc6 24. Na4 Qa5 25. Rxc6 bxc6 26. b3 Rc8 27. Nc5 Qa3 28. Rc2 Bxc5 29. Rxc5 Nf6 30. f3 Nd7 31. Rc2 Qa5 32. Bf2 a6 33. e4 Kf7 34. exf5 exf5 35. Qd3 g6 36. Re2 Nf6 37. Bg3 Re8 38. Be5 Qb5 39. Qd2 Re6 40. Kf2 Qb6 41. Kf1 h5 42. h4 Qb5 43. Kf2 Qb6 44. Kg3 Qd8 45. Qh6 Qg8 46. Kf2 Nd7 47. b4 Nb6 48. g4 hxg4 49. fxg4 fxg4 50. Kg3 Nd7 51. Qf4+ Ke8 52. Qxg4 Qf7 53. Bf4 Nf8 54. a4 Rxe2 55. Qxe2+ Ne6 56. Qe5 Qf5 57. Qxf5 gxf5 58. Be5 Kf8 59. Kf3 Kg8 60. Bf6 Kf7 61. Be5 Kg6 62. Kg3 Kh5 63. Bf6 Kh6 64. Be5 Kg6 65. Kf3 Kh5 66. Bf6 f4 67. Be7 Nxd4+ 68. Kxf4 Ne2+ 69. Ke5 Nc3 70. Kd6 Nxa4 71. Bf6 d4 72. Bxd4 c5 73. Bxc5 Nc3 74. Kc6 Kxh4 75. Kb7 Nd5 76. Kxa6 Nxb4+ 77. Bxb4 Kg4 1/2-1/2

[Event "Oberliga NRW 9293 II"]
[Site "Germany"]
[Date "1992.??.??"]
[Round "?.4"]
[White "Weber, Peter"]
[Black "Dorner, Matthias"]
[Result "0-1"]
[WhiteElo "2205"]
[BlackElo "2305"]
[PlyCount "114"]
[EventDate "1992.10.??"]
[EventType "team"]
[EventRounds "10"]
[EventCountry "GER"]
[SourceTitle "TD"]
[Source "ChessBase"]
[SourceDate "1994.03.01"]
[SourceVersion "1"]
[SourceVersionDate "1994.03.01"]
[SourceQuality "1"]
[WhiteTeam "Monheim"]
[BlackTeam "Krefeld"]
[WhiteTeamCountry "GER"]
[BlackTeamCountry "GER"]

1. e4 c6 2. d4 d5 3. Nc3 dxe4 4. Nxe4 Nf6 5. Nxf6+ exf6 6. c3 Bd6 7. Bd3 0-0 8. Qc2 Re8+ 9. Ne2 h6 10. Be3 Be6 11. 0-0 Qc7 12. g3 Bg4 13. Nf4 Bf3 14. Rfe1 Nd7 15. Bh7+ Kh8 16. Bf5 Nf8 17. Bd2 Qa5 18. b4 Qa6 19. Qb3 Bxf4 20. Bxf4 Bd5 21. Qc2 Rxe1+ 22. Rxe1 Ne6 23. a4 Rd8 24. Bd2 Kg8 25. h4 Qc4 26. a5 Qb5 27. Qd1 Kf8 28. Bc2 Bc4 29. Qf3 Qd5 30. Be4 Qb5 31. Bc2 Qd5 32. Qg4 Re8 33. Re3 h5 34. Qd1 Nc7 35. Rxe8+ Kxe8 36. Bf4 Ne6 37. Qe1 Kd7 38. Bb8 a6 39. Be4 Qb5 40. Bf3 Qf5 41. Qd1 g6 42. g4 hxg4 43. Bxg4 Qe4 44. Bf3 Qxh4 45. Bg3 Qg5 46. d5 cxd5 47. b5 axb5 48. a6 bxa6 49. Qa1 f5 50. Kh1 Qd2 51. Qxa6 Qc1+ 52. Kh2 f4 53. Bh4 Qxc3 54. Qa7+ Nc7 55. Kg2 Qe5 56. Bg4+ f5 57. Bd1 g5 0-1

[Event "Oberliga NRW 9091 II"]
[Site "Germany"]
[Date "1991.??.??"]
[Round "?"]
[White "Dorner, Matthias"]
[Black "Heil, Siegfried"]
[Result "1-0"]
[WhiteElo "2305"]
[BlackElo "2370"]
[PlyCount "83"]
[EventDate "1990.10.??"]
[EventType "team"]
[EventRounds "11"]
[EventCountry "GER"]
[SourceTitle "TD"]
[Source "ChessBase"]
[SourceDate "1994.03.01"]
[SourceVersion "1"]
[SourceVersionDate "1994.03.01"]
[SourceQuality "1"]

1. d4 Nf6 2. Bg5 Ne4 3. Bf4 d5 4. Nd2 Bf5 5. e3 c6 6. Ngf3 Nd7 7. Be2 e6 8. 0-0 Be7 9. c4 g5 10. Be5 Rg8 11. cxd5 exd5 12. Nxe4 dxe4 13. Nd2 Nxe5 14. dxe5 Qd5 15. Nc4 0-0-0 16. Qa4 Kb8 17. Rfc1 Rd7 18. Qc2 Rgd8 19. a3 Bf8 20. g4 Bg6 21. Rd1 Qe6 22. Rxd7 Rxd7 23. Rd1 Rd5 24. b4 Bg7 25. Rxd5 cxd5 26. Na5 Bxe5 27. Qc5 Bc7 28. Qf8+ Qc8 29. Qg7 Bxa5 30. bxa5 Qe8 31. Qf6 a6 32. Qd6+ Ka7 33. Qxd5 Qe7 34. Qd4+ Ka8 35. Bc4 f5 36. gxf5 Bxf5 37. Bd5 Bg6 38. Qb4 Qd7 39. Qf8+ Ka7 40. Qc5+ Kb8 41. h3 Qxh3 42. Qd6+ 1-0

[Event "GER CupT"]
[Site "Germany"]
[Date "1991.??.??"]
[Round "?"]
[White "Dorner, Matthias"]
[Black "Lingnau, Carsten"]
[Result "0-1"]
[WhiteElo "2305"]
[BlackElo "2225"]
[PlyCount "32"]
[EventDate "1991.??.??"]
[EventType "team"]
[EventRounds "9"]
[EventCountry "GER"]
[SourceTitle "TD"]
[Source "ChessBase"]
[SourceDate "1994.03.01"]
[SourceVersion "1"]
[SourceVersionDate "1994.03.01"]
[SourceQuality "1"]

1. d4 d6 2. Nf3 Bg4 3. Bf4 Nd7 4. Nbd2 Ngf6 5. h3 Bh5 6. c3 c6 7. Qb3 Qc7 8. e3 e6 9. Bc4 Be7 10. a4 0-0 11. 0-0 e5 12. Bg5 Rfe8 13. Qa2 a5 14. Nh4 Bf8 15. Rfe1 d5 16. Bf1 Qb6 0-1

[Event "Oberliga NRW 9192 II"]
[Site "Germany"]
[Date "1991.??.??"]
[Round "?.4"]
[White "Schiffer, Karl Josef"]
[Black "Dorner, Matthias"]
[Result "1-0"]
[WhiteElo "2350"]
[BlackElo "2305"]
[PlyCount "69"]
[EventDate "1991.10.??"]
[EventType "team"]
[EventRounds "11"]
[EventCountry "GER"]
[SourceTitle "TD"]
[Source "ChessBase"]
[SourceDate "1994.03.01"]
[SourceVersion "1"]
[SourceVersionDate "1994.03.01"]
[SourceQuality "1"]
[WhiteTeam "Duesseldorf"]
[BlackTeam "Krefeld"]
[WhiteTeamCountry "GER"]
[BlackTeamCountry "GER"]

1. d4 d5 2. c4 c6 3. Nc3 Nf6 4. Bg5 Qb6 5. Qd2 Be6 6. Bxf6 gxf6 7. cxd5 cxd5 8. e3 Rg8 9. g3 Nc6 10. Bd3 h5 11. Nge2 Bh6 12. Na4 Qb4 13. Nc5 b6 14. Nxe6 fxe6 15. Rc1 Qxd2+ 16. Kxd2 Kd7 17. Ba6 Rgb8 18. Rc3 b5 19. Rc5 b4 20. Bb5 Rb6 21. Rhc1 Rc8 22. R1c2 Kd6 23. Ba4 e5 24. f4 exf4 25. gxf4 e6 26. f5 e5 27. Bb3 exd4 28. Rxd5+ Ke7 29. Nxd4 Bf8 30. Ba4 Kf7 31. Rxc6 Rcxc6 32. Bxc6 b3 33. axb3 Bb4+ 34. Kd3 Kg7 35. Be8 1-0